Normal view
MARC view
Entry Topical Term
001 - CONTROL NUMBER
- control field: 22278
003 - CONTROL NUMBER IDENTIFIER
- control field: dpl
005 - DATE AND TIME OF LATEST TRANSACTION
- control field: 20100929104505.0
008 - FIXED-LENGTH DATA ELEMENTS
- fixed length control field: 100929|||a|||||| | ||| d
040 ## - CATALOGING SOURCE
- Original cataloging agency: dpl
- Transcribing agency: dpl
150 ## - HEADING--TOPICAL TERM
- Topical term or geographic name as entry element: Agriculture and state
- Geographic subdivision: India
- Geographic subdivision: Hyderabad (State)
- General subdivision: History.
670 ## - SOURCE DATA FOUND
- Source citation: Work cat.: (dpl)0: Bhukya, Bhangya. 22274, Subjugated nomads :, 2010
670 ## - SOURCE DATA FOUND
- Source citation: Work cat.: (dpl)0: Bhukya, Bhangya. 22274, Subjugated nomads :, 2010
